000 01238nam a22003377a 4500
003 CHAP
005 20220329141605.0
008 971013s1983 r 00010 d
010 _a70623
011 _a71595
035 _a81149
040 _cCHAP
090 _aFolleto 9105
100 0 0 _aBaletka, Arturo D.
_99689
245 _aPorcentaje de daño en líneas y cultivares de sorgo Sorghum bicolor (L) Moench con diferentes niveles de resistencia a "mosquita" Contarinia sorghicola Coq.
260 _aCórdoba, Argentina :
_bInstituto Nacional de Tecnología Agropecuaria. Estación Experimental Agropecuaria Manfredi,
_c1983
300 _a5 p.
490 _aDivulgación técnica
_v; 10
590 _aBATCH-UPD
_b10
_c20130110
_lUCH01
_h0501
590 _aBATCH-UPD
_b10
_c20130110
_lUCH01
_h2141
590 _aBATCH-UPD
_b10
_c20130410
_lUCH01
_h1556
590 _aBATCH-UPD
_b10
_c20130914
_lUCH01
_h2118
590 _aCONVERSION
_b10
_c20130109
_lUCH01
_h1339
650 1 4 _aContarinia sorghicola.
_927432
650 1 4 _aSorgo
_xPlagas.
_9108704
700 0 _aCastellano, Susana R.
_919985
830 0 _aDivulgación técnica
_v; 10
_933043
901 _aBK
942 _cFOLL
949 _aFolleto 9105
_bBC
_cFOLL
_d-34333
_eTS1
_i81149
_si
999 _c70623
_d70623